| 000 | 00913nam0a2200289 4500 | ||
|---|---|---|---|
| 001 | RU\NLR\bibl\810358 | ||
| 005 | 20260406123637.0 | ||
| 010 | _a5-17-027798-9 | ||
| 010 |
_a985-13-3070-1 _92000 _bХарвест |
||
| 021 |
_aRU _b2005-12872 _9656 |
||
| 035 | _a(NLR Aleph) 000799433 | ||
| 090 |
_a1171843 _c1171843 |
||
| 100 | _a20050616d2005 |||y0rusy50 ca | ||
| 101 | 1 |
_arus _ceng |
|
| 102 | _aRU | ||
| 105 | _ay ||||||||| | ||
| 200 | 1 |
_aКристина _e[роман _eперевод с английского] _fС. Кинг |
|
| 210 |
_aМосква _cАСТ _d2005 |
||
| 215 |
_a380,[2] с. _d21 |
||
| 225 | 1 | _aМировая классика | |
| 686 | _aШ6(7США)67-445{Лх1979-62} | ||
| 700 | 1 |
_4070 _7ca _8rus _aКинг _bС. _f1947- _gСтивен _3RU\NLR\auth\77848 _9110885 |
|
| 801 | 0 |
_aRU _bNLR _c20050616 _gPSBO |
|
| 801 | 1 |
_aRU _bNLR _c20050616 |
|
| 942 | _cBOOK | ||
| 980 | _aNB | ||